<?xml version="1.0" encoding="UTF-8"?>
<record
    xmlns:xsi="http://www.w3.org/2001/XMLSchema-instance"
    xsi:schemaLocation="http://www.loc.gov/MARC21/slim http://www.loc.gov/standards/marcxml/schema/MARC21slim.xsd"
    xmlns="http://www.loc.gov/MARC21/slim">

  <leader>01362nab a2200277uuc4500</leader>
  <controlfield tag="001">1371465</controlfield>
  <controlfield tag="005">20240924091227.0</controlfield>
  <controlfield tag="008">140521e20120105                    spa  </controlfield>
  <datafield tag="035" ind1=" " ind2=" ">
    <subfield code="a">1371465</subfield>
  </datafield>
  <datafield tag="040" ind1=" " ind2=" ">
    <subfield code="c">comduadb</subfield>
  </datafield>
  <datafield tag="041" ind1=" " ind2=" ">
    <subfield code="a">spa</subfield>
  </datafield>
  <datafield tag="100" ind1="1" ind2="0">
    <subfield code="a">Campos, Gusdanis</subfield>
    <subfield code="4">aut</subfield>
    <subfield code="e">aut</subfield>
    <subfield code="9">698859</subfield>
  </datafield>
  <datafield tag="245" ind1="1" ind2="0">
    <subfield code="a">Estudio de recuperaci&#xF3;n de vanadio y n&#xED;quel en un crudo pesado y en su fracci&#xF3;n de asfaltenos y maltenos por ICP-OES</subfield>
  </datafield>
  <datafield tag="500" ind1=" " ind2=" ">
    <subfield code="a">RESUMEN: Se evaluaron las posibles p&#xE9;rdidas de V y Ni durante el tratamiento aplicado a muestras de crudo, asfaltenos y maltenos, para su posterior an&#xE1;lisis por espectrometr&#xED;a de emisi&#xF3;n at&#xF3;mica con plasma inductivamente acoplado (ICP-OES). Las muestras se calcinaron y digirieron con &#xE1;cido n&#xED;trico (HNO3) en recipientes de politerafluoroetileno (PTFE) colocados en una carcasa de acero inoxidable tipo autoclave.</subfield>
  </datafield>
  <datafield tag="650" ind1=" " ind2="7">
    <subfield code="a">Qu&#xED;mica anal&#xED;tica</subfield>
    <subfield code="2">lemb</subfield>
    <subfield code="9">42679</subfield>
  </datafield>
  <datafield tag="650" ind1=" " ind2=" ">
    <subfield code="a">Vanadio</subfield>
    <subfield code="9">15620</subfield>
  </datafield>
  <datafield tag="650" ind1=" " ind2=" ">
    <subfield code="a">N&#xED;quel</subfield>
    <subfield code="9">15114</subfield>
  </datafield>
  <datafield tag="650" ind1=" " ind2=" ">
    <subfield code="a">Asf&#xE1;ltenos</subfield>
    <subfield code="9">74935</subfield>
  </datafield>
  <datafield tag="650" ind1=" " ind2=" ">
    <subfield code="a">Crudo</subfield>
    <subfield code="9">24563</subfield>
  </datafield>
  <datafield tag="700" ind1="1" ind2="0">
    <subfield code="a">Rivas, Edwin</subfield>
    <subfield code="4">aut</subfield>
    <subfield code="e">aut</subfield>
    <subfield code="9">698860</subfield>
  </datafield>
  <datafield tag="700" ind1="1" ind2="0">
    <subfield code="a">C&#xE1;ceres, Ana</subfield>
    <subfield code="4">aut</subfield>
    <subfield code="e">aut</subfield>
    <subfield code="9">455358</subfield>
  </datafield>
  <datafield tag="700" ind1="1" ind2="0">
    <subfield code="a">Bravo, B&#xE9;lgica</subfield>
    <subfield code="4">aut</subfield>
    <subfield code="e">aut</subfield>
    <subfield code="9">591036</subfield>
  </datafield>
  <datafield tag="700" ind1="1" ind2="0">
    <subfield code="a">Acevedo, S&#xF3;crates</subfield>
    <subfield code="4">aut</subfield>
    <subfield code="e">aut</subfield>
    <subfield code="9">554951</subfield>
  </datafield>
  <datafield tag="773" ind1="0" ind2=" ">
    <subfield code="t">Ciencia (Maracaibo, Venezuela)</subfield>
    <subfield code="g">Vol. 20, No. 01, Ene.-Mar. 2012, 52-59</subfield>
    <subfield code="w">1285441</subfield>
    <subfield code="x">1315-2076</subfield>
    <subfield code="0">618358</subfield>
  </datafield>
  <datafield tag="942" ind1=" " ind2=" ">
    <subfield code="c">ARIMP</subfield>
  </datafield>
  <datafield tag="999" ind1=" " ind2=" ">
    <subfield code="c">683084</subfield>
    <subfield code="d">683084</subfield>
  </datafield>
</record>
